CALCULUS II

Bibliographic Details
Main Authors: Džurina, Jozef, 1958- (Author), Pirč, Viktor, 1941- (Author)
Format: Book
Language:English
PhysicalDescription:103 s. ilustr., portr., tab. 24 cm
Published: Košice Elfa 2011
ISBN:9788080861780
Edition:1st ed.
Subjects:

MARC

LEADER 00000nam a2200000 a 4500
001 vtls010638342
003 SK-MaSNL
005 20260301183743.0
008 240315s2011 xo ac e 000 0 eng
020 |a 9788080861780  |q (brož.) 
035 |a 505C470B-6190-4C4C-9D51-170EE44C02F8 
035 |a urn:nbn:sk:snk-amjp99 
035 |a urn:nbn:sk:snk-am001za6 
040 |a SNK  |b slo  |c SNK  |e AACR2 
041 0 |a eng 
044 |a xo  |c SK 
072 7 |a 517  |x Matematická analýza  |2 konspekt 
080 |a 517  |2 2001 
080 |a (075.8)  |2 2001 
100 1 |a Džurina, Jozef,  |d 1958-  |4 aut  |9 11254 
245 1 0 |a CALCULUS II  |c Jozef Džurina, Viktor Pirč 
250 |a 1st ed. 
260 |a Košice  |b Elfa  |c 2011 
300 |a 103 s.  |b ilustr., portr., tab.  |c 24 cm 
500 |a V publ. chýbajú s. 101-102 
504 |a Reg. 
650 0 7 |a matematická analýza  |2 SNKPH  |9 1102 
650 0 7 |a Mathematical analysis  |2 SNKPHeng  |9 276992 
655 7 |a učebnice vysokých škôl  |2 SNKPH  |9 70191 
655 7 |a Textbooks (higher)  |2 SNKPHeng  |9 276436 
700 1 |a Pirč, Viktor,  |d 1941-  |4 aut  |9 91125 
919 |a 978-80-8086-178-0 
999 |c 858181  |d 860111 
952 |a SNK  |b SNK  |y PREZ  |7 0  |p 17A1120349  |o snkSC 161939  |i snk2014/26005  |8 0  |0 0  |1 0  |4 0  |d 2014-11-25  |f 1  |l 0  |r 2025-08-25 00:00:00  |w 2026-02-24 
952 |a SNK  |b SNK  |y VYP  |7 0  |p 17A1120348  |o snkSC 161939 D1  |i snk2014/26006  |8 0  |0 0  |1 0  |4 0  |d 2014-11-25  |l 0  |r 2026-02-24 05:03:07  |w 2026-02-24